| 000 | 01074cam a22002415a 4500 | ||
|---|---|---|---|
| 001 | E148769 | ||
| 008 | 091109s2008 ke f 000 0 eng d | ||
| 020 | _a9789211319613 | ||
| 035 | _a(Sirsi) u148769 | ||
| 041 | 0 | _aeng | |
| 050 | 0 | 4 | _a630 $2 18 |
| 110 | 2 |
_aUnited Nations Human Settlements Programme _95805 |
|
| 245 | 0 | 0 | _aSecure land rights for all |
| 260 |
_aNairobi _bUN-HABITAT _c2008 |
||
| 300 |
_a40p. _bcol. ill. _c30cm. |
||
| 505 | 2 | _aSecure land rights for all, what this means -- Why secure land rights matter -- Innovation and good practice in providing secure land rights for all -- Strategies for delivering secure land rights for all -- Way forward, conclusions and recommendations -- List of boxes and tables | |
| 520 | _aLooks at the importance o secure land rights and how these can counteract gender discrimination, social exclusion of vulnerable groups, and other inequalities associated with rights to land. | ||
| 521 | _aAdvanced | ||
| 590 | _aKA | ||
| 651 | 4 | _aInternational | |
| 690 | _aENVIRONMENTAL AND LAND CONSULTANCY | ||
| 942 | _n0 | ||
| 999 |
_c110217 _d110217 |
||